[Event "ESP-ch U16"]
[Site "Granada"]
[Date "2009.07.14"]
[Round "1"]
[White "Forcen Esteban, Daniel"]
[Black "Diez Martinez, Manuel"]
[Result "1-0"]
[WhiteElo "2308"]
[BlackElo "1821"]
[PlyCount "77"]
[EventDate "2009.07.14"]
[EventType "swiss"]
[EventRounds "9"]
[EventCountry "ESP"]
[SourceTitle "CBM 131 Extra"]
[Source "ChessBase"]
[SourceDate "2009.09.03"]
[SourceVersion "2"]
[SourceVersionDate "2009.09.16"]
[SourceQuality "1"]

1. e4 e5 2. Bc4 Nc6 3. Nc3 Bc5 4. Qg4 g6 5. Qg3 d6 6. Nge2 Be6 7. Bxe6 fxe6 8. a3 a5 9. d3 Qd7 10. 0-0 Nf6 11. Bh6 Nd4 12. Nxd4 Bxd4 13. Qh4 Nh5 14. Rab1 Ng7 15. Ne2 Bb6 16. Kh1 0-0 17. f4 c6 18. fxe5 dxe5 19. Ng1 Bxg1 20. Rxg1 Rf7 21. Be3 Nh5 22. Bc5 Rb8 23. Qg5 Qc7 24. Rgf1 Rf4 25. g4 Rxf1+ 26. Rxf1 Nf4 27. Qe7 Qd8 28. Qxd8+ Rxd8 29. Bb6 Ra8 30. Bc7 g5 31. Bxe5 Ng6 32. Bc3 a4 33. Bd2 h6 34. Rf6 Nf4 35. Bxf4 gxf4 36. Rxe6 Kg7 37. Re5 Rf8 38. Rf5 Rxf5 39. gxf5 1-0